| 000 | 01473nab a22002537a 4500 | ||
|---|---|---|---|
| 999 |
_c6272 _d6272 |
||
| 003 | OSt | ||
| 005 | 20260128200546.0 | ||
| 008 | 190514b xxu||||| |||| 00| 0 spa d | ||
| 040 | _cPJ | ||
| 100 |
_96681 _aPérez Ovalle, Pamela B. |
||
| 245 | 1 | 3 |
_aLey de Identidad de Género : _cun colectivo en peligro. Análisis del DNU 62/2025 a la luz de los derechos humanos y de los principios convencionales de protección de las adolescencias transgéneros / _bPamela B. Pérez Ovalle. |
| 300 | _ap. 127-137 | ||
| 500 | _aCita: TR LALEY AR/DOC/2711/2025. | ||
| 505 | _aSumario: I. Introducción. Palabras preliminares.— II. Nuestra Ley de Identidad de Género.— III. Los hechos del caso.— IV. Primero lo primero. Del control de constitucionalidad del DNU 62/2025.— V. El control de convencionalidad como principio rector de la protección interamericana de derechos humanos.— VI. Reflexiones finales. | ||
| 505 | _tFallo comentado: JFed., Paraná Nro 2 ~ 16/04/2025 ~ P., G. A. y otro c. OSECAC s/ amparo ley 16.986. | ||
| 650 | 0 |
_9967 _aDERECHO DE FAMILIA |
|
| 650 | 0 |
_94305 _aDERECHO A LA IDENTIDAD DE GÉNERO |
|
| 650 | 0 |
_9614 _aDERECHOS HUMANOS |
|
| 650 | 0 |
_95662 _aADOLESCENTES |
|
| 650 | 0 |
_94691 _aAUTONOMÍA PROGRESIVA |
|
| 650 | 0 |
_91057 _aJURISPRUDENCIA APLICABLE |
|
| 773 | 0 |
_02844 _93222 _dBuenos Aires : AbeledoPerrot, 1989- _tDerecho de familia. Revista Interdisciplinaria de doctrina y jurisprudencia. Diciembre 2025-VI. _z18511201 |
|
| 942 |
_2udc _cANA |
||